NHL Cities - Sudden Death - Statistics

General Stats
  • This quiz has been taken 1,012 times
  • The average score is 19 of 31
Answers on the Grid
Answers color-coded by a green-red scale on the quiz's grid according to % correct below.
Anaheim
Anchorage
Atlanta
Boston
Buffalo
Calgary
Charlotte
Chicago
Columbus
Dallas
Denver
Detroit
Edmonton
Fairbanks
Fargo
Halifax
Houston
Indianapolis
Kansas City
Las Vegas
Los Angeles
Memphis
Miami
Montreal
Nashville
New Orleans
New York
Newark
Orlando
Ottawa
Philadelphia
Phoenix
Pittsburgh
Portland
Raleigh
Regina
Reno
Salt Lake City
San Antonio
San Jose
Seattle
St. Louis
St. Paul
Tampa
Toronto
Vancouver
Washington
Winnipeg
 
Answer Stats
Answer % Correct
Anaheim
92%
Boston
79%
Buffalo
76%
Calgary
75%
Edmonton
74%
Chicago
73%
Dallas
68%
Los Angeles
68%
Columbus
67%
Toronto
67%
Vancouver
66%
New York
65%
Detroit
64%
Montreal
64%
Pittsburgh
63%
Las Vegas
62%
Ottawa
62%
Nashville
60%
Philadelphia
60%
Seattle
60%
Winnipeg
60%
Washington
59%
Tampa
58%
Denver
55%
San Jose
55%
St. Louis
55%
Salt Lake City
48%
Miami
42%
Raleigh
36%
St. Paul
34%
Newark
31%
No matching quizzes found
Score Distribution
Percent of People with Each Score
Percentile by Number Answered
Your Score History
You have not taken this quiz